<?xml version="1.0" encoding="UTF-8"?>
<record
    xmlns:xsi="http://www.w3.org/2001/XMLSchema-instance"
    xsi:schemaLocation="http://www.loc.gov/MARC21/slim http://www.loc.gov/standards/marcxml/schema/MARC21slim.xsd"
    xmlns="http://www.loc.gov/MARC21/slim">

  <leader>01588nam a22002777a 4500</leader>
  <controlfield tag="003">NALT</controlfield>
  <controlfield tag="005">20251125233136.0</controlfield>
  <controlfield tag="008">170928b        th ||||| |||| 00| 0 tha d</controlfield>
  <datafield tag="040" ind1=" " ind2=" ">
    <subfield code="a">NALT</subfield>
  </datafield>
  <datafield tag="050" ind1=" " ind2=" ">
    <subfield code="a">HC 60 </subfield>
    <subfield code="b">&#xE28;463&#xE1B; 2559</subfield>
  </datafield>
  <datafield tag="100" ind1="0" ind2=" ">
    <subfield code="a">&#xE28;&#xE34;&#xE23;&#xE34;&#xE1E;&#xE23; &#xE27;&#xE31;&#xE0A;&#xE0A;&#xE27;&#xE31;&#xE25;&#xE04;&#xE38;</subfield>
    <subfield code="9">11315</subfield>
  </datafield>
  <datafield tag="245" ind1="1" ind2="0">
    <subfield code="a">&#xE1B;&#xE23;&#xE30;&#xE40;&#xE17;&#xE28;&#xE1C;&#xE39;&#xE49;&#xE43;&#xE2B;&#xE49;&#xE23;&#xE32;&#xE22;&#xE43;&#xE2B;&#xE21;&#xE48; : </subfield>
    <subfield code="b">&#xE1B;&#xE23;&#xE30;&#xE40;&#xE17;&#xE28;&#xE21;&#xE32;&#xE40;&#xE25;&#xE40;&#xE0B;&#xE35;&#xE22; / </subfield>
    <subfield code="c">&#xE28;&#xE34;&#xE23;&#xE34;&#xE1E;&#xE23; &#xE27;&#xE31;&#xE0A;&#xE0A;&#xE27;&#xE31;&#xE25;&#xE04;&#xE38;, &#xE20;&#xE32;&#xE04;&#xE20;&#xE39;&#xE21;&#xE34; &#xE17;&#xE34;&#xE1E;&#xE04;&#xE38;&#xE13;.</subfield>
  </datafield>
  <datafield tag="260" ind1=" " ind2=" ">
    <subfield code="a">&#xE01;&#xE23;&#xE38;&#xE07;&#xE40;&#xE17;&#xE1E;&#xE2F; :</subfield>
    <subfield code="b">&#xE21;&#xE39;&#xE25;&#xE19;&#xE34;&#xE18;&#xE34;&#xE40;&#xE2D;&#xE40;&#xE0A;&#xE35;&#xE22;,</subfield>
    <subfield code="c">2559.</subfield>
  </datafield>
  <datafield tag="300" ind1=" " ind2=" ">
    <subfield code="a">28 &#xE2B;&#xE19;&#xE49;&#xE32; :</subfield>
    <subfield code="b">&#xE20;&#xE32;&#xE1E;&#xE1B;&#xE23;&#xE30;&#xE01;&#xE2D;&#xE1A;, &#xE15;&#xE32;&#xE23;&#xE32;&#xE07; ;</subfield>
    <subfield code="c">18 &#xE0B;&#xE21;.</subfield>
  </datafield>
  <datafield tag="650" ind1=" " ind2="4">
    <subfield code="9">17899</subfield>
    <subfield code="a">&#xE04;&#xE27;&#xE32;&#xE21;&#xE23;&#xE48;&#xE27;&#xE21;&#xE21;&#xE37;&#xE2D;&#xE23;&#xE30;&#xE2B;&#xE27;&#xE48;&#xE32;&#xE07;&#xE1B;&#xE23;&#xE30;&#xE40;&#xE17;&#xE28;</subfield>
  </datafield>
  <datafield tag="650" ind1=" " ind2="4">
    <subfield code="a">&#xE04;&#xE27;&#xE32;&#xE21;&#xE0A;&#xE48;&#xE27;&#xE22;&#xE40;&#xE2B;&#xE25;&#xE37;&#xE2D;&#xE17;&#xE32;&#xE07;&#xE40;&#xE28;&#xE23;&#xE29;&#xE10;&#xE01;&#xE34;&#xE08;</subfield>
    <subfield code="9">17898</subfield>
  </datafield>
  <datafield tag="651" ind1=" " ind2="4">
    <subfield code="9">17938</subfield>
    <subfield code="a">&#xE21;&#xE32;&#xE40;&#xE25;&#xE40;&#xE0B;&#xE35;&#xE22;</subfield>
    <subfield code="x">&#xE04;&#xE27;&#xE32;&#xE21;&#xE23;&#xE48;&#xE27;&#xE21;&#xE21;&#xE37;&#xE2D;&#xE23;&#xE30;&#xE2B;&#xE27;&#xE48;&#xE32;&#xE07;&#xE1B;&#xE23;&#xE30;&#xE40;&#xE17;&#xE28; </subfield>
  </datafield>
  <datafield tag="653" ind1=" " ind2="4">
    <subfield code="a"> &#xE04;&#xE27;&#xE32;&#xE21;&#xE0A;&#xE48;&#xE27;&#xE22;&#xE40;&#xE2B;&#xE25;&#xE37;&#xE2D;&#xE17;&#xE32;&#xE07;&#xE40;&#xE28;&#xE23;&#xE29;&#xE10;&#xE01;&#xE34;&#xE08;&#xE02;&#xE2D;&#xE07;&#xE21;&#xE32;&#xE40;&#xE25;&#xE40;&#xE0B;&#xE35;&#xE22;</subfield>
  </datafield>
  <datafield tag="700" ind1="0" ind2=" ">
    <subfield code="9">17740</subfield>
    <subfield code="a">&#xE20;&#xE32;&#xE04;&#xE20;&#xE39;&#xE21;&#xE34; &#xE17;&#xE34;&#xE1E;&#xE04;&#xE38;&#xE13;</subfield>
  </datafield>
  <datafield tag="710" ind1="2" ind2=" ">
    <subfield code="a">&#xE2A;&#xE33;&#xE19;&#xE31;&#xE01;&#xE07;&#xE32;&#xE19;&#xE01;&#xE2D;&#xE07;&#xE17;&#xE38;&#xE19;&#xE2A;&#xE2B;&#xE1B;&#xE23;&#xE30;&#xE0A;&#xE32;&#xE0A;&#xE32;&#xE15;&#xE34;&#xE40;&#xE1E;&#xE37;&#xE48;&#xE2D;&#xE1B;&#xE23;&#xE30;&#xE0A;&#xE32;&#xE01;&#xE23; (UNFPA).</subfield>
    <subfield code="9">17922</subfield>
  </datafield>
  <datafield tag="850" ind1=" " ind2=" ">
    <subfield code="a">NALT</subfield>
  </datafield>
  <datafield tag="856" ind1="4" ind2="0">
    <subfield code="u">https://hdl.handle.net/20.500.14156/518603</subfield>
  </datafield>
  <datafield tag="942" ind1=" " ind2=" ">
    <subfield code="c">GB</subfield>
    <subfield code="2">lcc</subfield>
  </datafield>
  <datafield tag="998" ind1=" " ind2=" ">
    <subfield code="a">bijaya</subfield>
    <subfield code="b">phon</subfield>
    <subfield code="c">phon</subfield>
    <subfield code="j">104</subfield>
    <subfield code="k"> &#xE2A;&#xE32;&#xE22;&#xE1D;&#xE19; &#xE14;&#xE35;&#xE07;&#xE32;&#xE21;</subfield>
  </datafield>
  <datafield tag="999" ind1=" " ind2=" ">
    <subfield code="c">93827</subfield>
    <subfield code="d">93827</subfield>
  </datafield>
  <datafield tag="952" ind1=" " ind2=" ">
    <subfield code="0">0</subfield>
    <subfield code="1">0</subfield>
    <subfield code="2">lcc</subfield>
    <subfield code="4">0</subfield>
    <subfield code="7">0</subfield>
    <subfield code="8">CGBL</subfield>
    <subfield code="a">NALT</subfield>
    <subfield code="b">NALT</subfield>
    <subfield code="d">2017-09-28</subfield>
    <subfield code="l">0</subfield>
    <subfield code="o">HC 60  &#xE28;463&#xE1B; 2559</subfield>
    <subfield code="p">3961207423</subfield>
    <subfield code="r">2017-10-09 00:00:00</subfield>
    <subfield code="w">2017-09-28</subfield>
    <subfield code="y">GB</subfield>
  </datafield>
</record>
